| 000 | 01564nam a2200313 i 4500 | ||
|---|---|---|---|
| 001 | 000012297 | ||
| 003 | DO-SdBNP | ||
| 005 | 20250808140947.0 | ||
| 007 | ta | ||
| 008 | 091111s 2005 dr 000 0 spa d | ||
| 020 | _a9993422835 | ||
| 040 |
_aDO-SdBNP _bspa _cBNPHU _erda |
||
| 041 | _aspa | ||
| 082 | 4 |
_aRD863.44 _bE79c 2005 _222 |
|
| 100 | 1 |
_aEstévez Aristy, Justiniano, _d1962- _eautor _93212 _4aut. |
|
| 245 | 1 | 0 |
_aCuando los perros se amarraban con longanizas / _cJustiniano Estévez Aristy. |
| 264 |
_aSanto Domingo, República Dominicana : _bSociedad Cultural Renovación, _c2005. |
||
| 300 |
_a96 páginas ; _c22 cm. |
||
| 336 |
_atexto _btxt _2rdacontent |
||
| 337 |
_asin mediación _bn _2rdamedia |
||
| 338 |
_avolumen _bnc _2rdacarrier |
||
| 505 | 0 |
_tCuando los perros se amarraban con longanizas / _rLucía Amelia Cabral -- _tEl decimero pequeño -- _tEl niño grande -- _tAntes de nacer el cañaveral -- _tGallo Manilo -- _tRumbo a la ciudad del olvido -- _tCuando los perros se amarraban con longanizas -- _tLa casita de canas -- _tEl tiri-jala -- _tLos aviones de papel -- _tEl tirapiedras habla desde el museo del olvido -- _tLa rima se apeó de sus zancos -- _tLos tímpanos del niño Néstor Caridad -- _tLa seria -- _tLos protectores del río. |
|
| 586 | _aPrimer Premio del Concurso "Por nuestro país primero, Sociedad Renovación, Puerto Plata. | ||
| 590 | _aInventariado, 2021/BT | ||
| 650 | 1 | 0 |
_aCuentos infantiles dominicanos _9505 |
| 650 | 1 | 0 |
_aLiteratura dominicana. _967 |
| 910 | _aValidado. Control de calidad BNPHU | ||
| 942 |
_2ddc _cLBS1 |
||
| 999 |
_c11954 _d11954 |
||